MARC

Tag First Indicator Second Indicator Subfields
LEADER 00000ctm a2200000Ma 4500
001 in00000009498
005 20231006184654.0
008 900108s1986 xx rbm 000 0 eng
019 |a 17393178 
029 0 |a AU@  |b 000051221737 
029 1 |a AU@  |b 000023072361 
035 |a (OCoLC)ocn845443417 
035 |a (OCoLC)845443417  |z (OCoLC)17393178 
040 |a AU@  |b eng  |e pn  |c AU@  |d OCLCO  |d OCLCF  |d OCLCA  |d OCLCQ  |d DEH  |d OCLCQ  |d OCLCO  |d OCL  |d OCLCO  |d OCLCQ 
043 |a e-gx--- 
050 4 |a HD9654.9.F33  |b S76 
082 0 4 |a 338.476600943  |q OCoLC 
100 1 |a Stokes, Raymond G. 
245 1 0 |a Recovery and resurgence in the West German chemical industry :  |b allied policy and the I.G. Farben successor companies 1945-1951 /  |c by Raymond George Stokes. 
264 0 |c 1986. 
300 |a ix, 351 pages 
336 |a text  |b txt  |2 rdacontent 
337 |a unmediated  |b n  |2 rdamedia 
338 |a volume  |b nc  |2 rdacarrier 
502 |b Ph. D.  |c Ohio State University  |d 1986 
504 |a Includes bibliographical references (leaves 319-351). 
533 |a Print reproduction. 
610 2 0 |a Interessengemeinschaft Farbenindustrie Aktiengesellschaft  |x Political activity  |x History. 
650 0 |a Chemical industry  |x Political aspects  |z Germany  |x History. 
650 6 |a Industries chimiques  |x Aspect politique  |z Allemagne  |x Histoire. 
610 2 7 |a Interessengemeinschaft Farbenindustrie Aktiengesellschaft.  |2 fast  |0 (OCoLC)fst00521297 
650 7 |a Chemical industry  |x Political aspects.  |2 fast  |0 (OCoLC)fst00853000 
650 7 |a Political participation.  |2 fast  |0 (OCoLC)fst01069386 
651 7 |a Germany.  |2 fast  |0 (OCoLC)fst01210272 
655 7 |a Academic theses.  |2 fast  |0 (OCoLC)fst01726453 
655 7 |a History.  |2 fast  |0 (OCoLC)fst01411628 
655 7 |a Academic theses.  |2 lcgft 
655 7 |a Thèses et écrits académiques.  |2 rvmgf 
948 |h HELD BY TXA - 2 OTHER HOLDINGS 
994 |a Z0  |b TXA 
999 f f |s d55e34bf-51d8-3a44-8651-601dd5b472b2  |i 66fd7b08-8660-3f58-8446-0808e8536f4a  |t 0 
952 f f |p ric  |a Texas A&M University  |b Rellis Campus  |c Joint Library Facility  |d Remote Storage  |t 0  |e HD9654.9.F33 S76 1986  |h Library of Congress classification  |i unmediated -- volume  |m A14811043555 
998 f f |a HD9654.9.F33 S76 1986  |t 0  |l Remote Storage